Programming in C (Record no. 4726)

MARC details
000 -LEADER
fixed length control field 00406nam a22001697a 4500
005 - DATE AND TIME OF LATEST TRANSACTION
control field 20180203153807.0
008 - FIXED-LENGTH DATA ELEMENTS--GENERAL INFORMATION
fixed length control field 160629b xxu||||| |||| 00| 0 eng d
020 ## - INTERNATIONAL STANDARD BOOK NUMBER
ISBN 978-81-89757-70-0
041 ## - LANGUAGE CODE
Language code of text/sound track or separate title eng
082 ## - DEWEY DECIMAL CLASSIFICATION NUMBER
Item number 12539
Classification number 005.133
100 ## - MAIN ENTRY--AUTHOR NAME
Personal name Jha S.K
245 ## - TITLE STATEMENT
Title Programming in C
260 ## - PUBLICATION, DISTRIBUTION, ETC. (IMPRINT)
Name of publisher Katson
Year of publication 2008
Place of publication new delhi
300 ## - PHYSICAL DESCRIPTION
Number of Pages 520
650 ## - SUBJECT ADDED ENTRY--TOPICAL TERM
Topical Term Information Technology
942 ## - ADDED ENTRY ELEMENTS (KOHA)
Koha item type Books
Holdings
Lost status Damaged status Home library Shelving location Date acquired Cost, normal purchase price Full call number Accession Number Koha item type
    JRU Library SHELF-3-G 29/06/2016 225.00 12539 12539 Books
    JRU Library SHELF-3-G 29/06/2016 225.00 12539 12540 Books